• 首页
  • 本馆介绍
  • 公告通知
  • 最新文献
  • 馆藏检索
  • 电子资源
  • 读者导购
  • 参考咨询
  • 我的图书馆
  • 登录
  • 详细信息显示
  • 放入我的书架
  • 预约/预借图书
  • 作者相关作品
  • 分类相关作品
  • 丛书相关作品
  • 出版社相关作品

书目信息

  • 表格格式
  • 工作单格式
  • 卡片格式
题名:
管子
    
 
作者: 池万兴 著
分册:  
出版信息: 西安   陕西师范大学出版总社  2017
页数: 152页
开本: 24cm
丛书名: “大家精要”丛书
单 册:
中图分类: B226.1
科图分类:
主题词:
电子资源:
ISBN: 978-7-5613-9199-0
000 00773oam2 2200241 450
001 2166
005 20180522171249.51
010    @a978-7-5613-9199-0@dCNY20.00
100    @a20171018d2017 em y0chiy50 ea
101 0  @achi
102    @aCN@b610000
105    @ay z 000yb
200 1  @a管子@9guan zi@f池万兴著
210    @a西安@c陕西师范大学出版总社@d2017
215    @a152页@d24cm
225 1  @a“大家精要”丛书
330    @a本书分为礼乐征伐出诸侯、管仲之谋、法天象地、政之所兴在顺民心、遍知天下而无敌、法立令行、先秦诸子对管仲的评价等9章介绍了管子的一生。
461  0 @12001 @a“大家精要”丛书
600  0 @a管仲@f(?-前645)@x传记
690    @aB226.1@v5
701  0 @a池万兴@9chi wan xing@f(1962~)@4著
801  0 @aCN@b91MARC@c20171018
905    @aMuseLib@dB226.1@e747
    
    管子/池万兴著.-西安:陕西师范大学出版总社,2017
    152页;24cm.-(“大家精要”丛书)
    
    
    ISBN 978-7-5613-9199-0:CNY20.00
    本书分为礼乐征伐出诸侯、管仲之谋、法天象地、政之所兴在顺民心、遍知天下而无敌、法立令行、先秦诸子对管仲的评价等9章介绍了管子的一生。
●
相关链接 在E读中查询图书 在五车中查询图书 在当当中查询图书 在豆瓣中查询图书


正题名:管子     索取号:B226.1/747         预约/预借

序号 登录号 条形码 馆藏地/架位号 状态 备注
1 1108221   211082219   第一样本阅览室/ [索取号:B226.1/747] 在馆    
2 1108222   211082228   教育系资料室/ [索取号:B226.1/747] 在馆    
3 1108223   211082237   教育系资料室/ [索取号:B226.1/747] 在馆    
4 1108224   211082246   第一借阅区/ [索取号:B226.1/747] 在馆    
唐山师范学院图书馆 欢迎您!
大连网信软件有限公司© 版权所有